Ethics and the Environment

محفوظ في:

التنسيق: دورية

اللغة: Undetermined

منشور في: JSTOR
Indiana University Press

الموضوعات:

الوصول للمادة أونلاين: Login to view Source

الوسوم: إضافة وسم

لا توجد وسوم, كن أول من يضع وسما على هذه التسجيلة!

رقم الطلب:

LEADER 00506nas a2200169Ia 4500
008 220214c99999999xx |||||||||||| ||und||
022 |a 1085-6633 
022 |a 1535-5306 
245 0 0 |a Ethics and the Environment 
264 1 |b JSTOR 
264 1 |b Indiana University Press 
362 0 |a Vol. 1(1996)-22 (2017) 
653 1 0 |a Philosophy 
856 4 0 |u https://www.jstor.org/journal/ethicsenviro 
942 |c JL 
952 |0 0  |1 0  |4 0  |7 1  |9 34883  |a JSR  |b JSR  |d 2022-02-14  |l 0  |r 2022-02-14 00:00:00  |w 2022-02-14  |y JL 
999 |c 43216  |d 43216